Cidades do RS com mais de 50 mil habitantes - Statistics

Estatísticas Gerais
  • Esse quiz foi jogado 122 vezes
  • A pontuação média é 25 de 43
Estatísticas das Respostas
População Município Região Funcional COREDE % Correto
1,332 milhão Porto Alegre Metropolitano Delta do Jacuí
100%
463 mil Caxias do Sul Serra
90%
325 mil Pelotas Sul
90%
271 mil Santa Maria Central
90%
347 mil Canoas Vale do Rio dos Sinos
87%
227 mil Novo Hamburgo Vale do Rio dos Sinos
82%
105 mil Erechim Norte
77%
206 mil Passo Fundo Produção
77%
118 mil Bagé Campanha
76%
191 mil Rio Grande Sul
75%
217 mil São Leopoldo Vale do Rio dos Sinos
73%
117 mil Uruguaiana Fronteira Oeste
73%
265 mil Gravataí Metropolitano Delta do Jacuí
71%
133 mil Santa Cruz do Sul Vale do Rio Pardo
71%
123 mil Bento Gonçalves Serra
70%
84 mil Ijuí Noroeste Colonial
68%
224 mil Viamão Metropolitano Delta do Jacuí
66%
63 mil Capão da Canoa Litoral
63%
136 mil Cachoeirinha Metropolitano Delta do Jacuí
61%
76 mil Santa Rosa Fronteira Noroeste
61%
187 mil Alvorada Metropolitano Delta do Jacuí
59%
132 mil Sapucaia do Sul Vale do Rio dos Sinos
59%
72 mil Alegrete Fronteira Oeste
57%
54 mil Tramandaí Litoral
57%
84 mil Santana do Livramento Fronteira Oeste
56%
76 mil Santo Ângelo Missões
56%
93 mil Lageado Vale do Taquari
53%
76 mil Esteio Vale do Rio dos Sinos
51%
92 mil Guaíba Metropolitano Delta do Jacuí
51%
59 mil São Borja Fronteira Oeste
47%
58 mil São Gabriel Fronteira Oeste
47%
69 mil Farroupilha Serra
46%
64 mil Vacaria Campos de Cima da Serra
46%
75 mil Sapiranga Vale do Rio dos Sinos
44%
58 mil Cruz Alta Alto Jacuí
43%
80 mil Cachoeira do Sul Jacuí Centro
42%
53 mil Taquara Paranhana - Encosta da Serra
35%
62 mil Campo Bom Vale do Rio dos Sinos
32%
61 mil Carazinho Produção
30%
62 mil Camaquã Centro-Sul
28%
68 mil Venâncio Aires Vale do Rio Pardo
27%
63 mil Montenegro Vale do Caí
24%
52 mil Parobé Paranhana - Encosta da Serra
23%
Nenhum quiz correspondente encontrado
Distribuição das Pontuações
Porcentagem de Pessoas com Cada Pontuação
Percentil de Números Respondidos
Sua Pontuação Histórica
Você não jogou esse quiz